| 000 | 00395nam a22001337a 4500 | ||
|---|---|---|---|
| 082 | _aP-748 | ||
| 100 |
_aMuhammad Hamza Khan _951229 |
||
| 245 |
_aEnhancement of Seismic Performance of RC Frame Structure Base Isolators _cMuhammad Hamza Khan |
||
| 260 |
_aRisalpur, _bMCE, _c2017. |
||
| 300 |
_a100p _bNil |
||
| 526 |
_a0 _b0 _c0 _dP_748 |
||
| 700 |
_aMaj Muhammad Rizwan _951230 |
||
| 942 |
_2ddc _cBK |
||
| 999 |
_c553970 _d553970 |
||